Washington goes to war

Na minha lista:
Detalhes bibliográficos
Autor principal: Brinkley, David
Formato: Livro
Idioma:Undetermined
Publicado em: New York Ballantine Books 1988
Assuntos:
Tags: Adicionar Tag
Sem tags, seja o primeiro a adicionar uma tag!
Thư viện lưu trữ: Trung tâm Học liệu Trường Đại học Cần Thơ
LEADER 00504nam a2200193Ia 4500
001 CTU_86057
008 210402s9999 xx 000 0 und d
082 |a 975.3 
082 |b B858 
100 |a Brinkley, David 
245 0 |a Washington goes to war 
245 0 |c David Brinkley 
260 |a New York 
260 |b Ballantine Books 
260 |c 1988 
650 |a World war, 1939-1945 
650 |z Washington (D.C.) 
904 |i Mai Loan 
980 |a Trung tâm Học liệu Trường Đại học Cần Thơ